[Event "Las Palmas Insular-chT Primera-B"]
[Site "Las Palmas"]
[Date "2015.12.19"]
[Round "7.2"]
[White "Guedes Lopez, Mario"]
[Black "Damaso Tacoronte, Carolina"]
[Result "1-0"]
[WhiteElo "1495"]
[BlackElo "1819"]
[PlyCount "120"]
[EventDate "2015.10.17"]
[EventType "team-tourn"]
[EventRounds "14"]
[EventCountry "ESP"]
[SourceTitle "CBM 170 Extra"]
[Source "ChessBase"]
[SourceDate "2016.02.25"]
[SourceVersion "1"]
[SourceVersionDate "2016.02.25"]
[SourceQuality "1"]
[WhiteTeam "Hotel Avda de Canarias V"]
[BlackTeam "La Aldea"]
[WhiteTeamCountry "ESP"]
[BlackTeamCountry "ESP"]

1. b3 d5 2. e3 e5 3. Bb2 Bd6 4. Nf3 Bg4 5. Be2 Bxf3 6. Bxf3 c6 7. d3 Nf6 8. Nd2 0-0 9. 0-0 Re8 10. c4 d4 11. Ne4 Nxe4 12. Bxe4 Qg5 13. Qf3 Rf8 14. exd4 f5 15. Qh3 exd4 16. Bxd4 Nd7 17. Bf3 Ne5 18. Be3 Qf6 19. Be2 f4 20. d4 Nf7 21. Bd2 Ng5 22. Qd3 Qh6 23. Bf3 Rae8 24. Rae1 Qf6 25. Bc3 Nxf3+ 26. Qxf3 Qg6 27. d5 c5 28. Rxe8 Rxe8 29. Re1 Rxe1+ 30. Bxe1 Kf7 31. Kf1 Qf5 32. Qe2 b6 33. f3 g5 34. Bc3 h5 35. Qe4 Qg6 36. Qxg6+ Kxg6 37. Ke2 g4 38. Kd3 Kf5 39. a3 Be7 40. Be1 a5 41. Bf2 Bd8 42. Kc2 Ke5 43. b4 axb4 44. axb4 Be7 45. bxc5 bxc5 46. Kb3 gxf3 47. gxf3 Kd6 48. Ka4 Kc7 49. Kb5 Bd6 50. Bxc5 Be5 51. Bf2 Kd6 52. Bc5+ Kc7 53. Be7 Kd7 54. Bc5 Bc7 55. Bd4 Kd6 56. Kb4 Bd8 57. Kc3 Ba5+ 58. Kd3 Bb4 59. Ke4 Bd2 60. c5+ Kd7 1-0

[Event "Las Palmas Insular-chT Primera-B"]
[Site "Las Palmas"]
[Date "2015.12.12"]
[Round "6.1"]
[White "Guedes Lopez, Mario"]
[Black "Biscarri Candalia, Oscar"]
[Result "0-1"]
[WhiteElo "1495"]
[BlackElo "1445"]
[PlyCount "70"]
[EventDate "2015.10.17"]
[EventType "team-tourn"]
[EventRounds "14"]
[EventCountry "ESP"]
[SourceTitle "CBM 170 Extra"]
[Source "ChessBase"]
[SourceDate "2016.02.25"]
[SourceVersion "1"]
[SourceVersionDate "2016.02.25"]
[SourceQuality "1"]
[WhiteTeam "Hotel Avda de Canarias V"]
[BlackTeam "Anand III"]
[WhiteTeamCountry "ESP"]
[BlackTeamCountry "ESP"]

1. b3 e5 2. Bb2 d6 3. e3 Nf6 4. c4 g6 5. Nf3 Nc6 6. Be2 Bg7 7. 0-0 0-0 8. Nc3 Bd7 9. Qc2 Bg4 10. h3 Bf5 11. Qd1 Nb4 12. d3 Re8 13. a3 Nc6 14. e4 Be6 15. Qd2 Nd4 16. Nxd4 exd4 17. Nd5 c5 18. f4 Nxd5 19. cxd5 Bd7 20. Rae1 Qb6 21. Qd1 f5 22. Bf3 a5 23. Ba1 Qc7 24. Qc1 b6 25. e5 Bb5 26. Qc2 Re7 27. a4 Ba6 28. exd6 Qxd6 29. Rxe7 Qxe7 30. d6 Qe3+ 31. Kh1 Rd8 32. Qd1 Qxd3 33. Bd5+ Kf8 34. Qe1 Qxf1+ 35. Qxf1 Bxf1 0-1

[Event "Las Palmas Insular-chT Primera-B"]
[Site "Las Palmas"]
[Date "2015.12.05"]
[Round "5.2"]
[White "Guedes Lopez, Mario"]
[Black "Fuentes Perez, Noe"]
[Result "0-1"]
[WhiteElo "1495"]
[BlackElo "1585"]
[PlyCount "116"]
[EventDate "2015.10.17"]
[EventType "team-tourn"]
[EventRounds "14"]
[EventCountry "ESP"]
[SourceTitle "CBM 170 Extra"]
[Source "ChessBase"]
[SourceDate "2016.02.25"]
[SourceVersion "1"]
[SourceVersionDate "2016.02.25"]
[SourceQuality "1"]
[WhiteTeam "Hotel Avda de Canarias V"]
[BlackTeam "La Caja de Canarias IV"]
[WhiteTeamCountry "ESP"]
[BlackTeamCountry "ESP"]

1. b3 Nf6 2. Bb2 g6 3. e3 Bg7 4. d4 d6 5. c4 0-0 6. Be2 Nbd7 7. Nf3 c6 8. 0-0 Ne8 9. Nc3 e5 10. Qc2 Nc7 11. Rad1 Re8 12. Ne4 exd4 13. Bxd4 Bxd4 14. Rxd4 d5 15. cxd5 Nxd5 16. Nd6 Re6 17. Nxc8 Rxc8 18. Rfd1 f5 19. Ng5 Qxg5 20. Rxd5 Nb6 21. R5d4 Rce8 22. Bc4 Nxc4 23. Qxc4 b5 24. Qc5 Qe7 25. Qc2 Qf6 26. Rd7 f4 27. Rf1 f3 28. Qc5 fxg2 29. Rfd1 Rf8 30. f4 Rfe8 31. R7d6 Qe7 32. Qxc6 Rxe3 33. Qxg2 Re1+ 34. Rxe1 Qxe1+ 35. Qf1 Qe3+ 36. Qf2 Qc1+ 37. Kg2 Qc7 38. Qd2 Qb7+ 39. Kg3 Qe4 40. Rd8 Kf7 41. Qd7+ Qe7 42. Qd5+ Qe6 43. Rd7+ Re7 44. Rxe7+ Kxe7 45. Qg5+ Kf7 46. Qe5 h5 47. Qc7+ Qe7 48. Qe5 Qxe5 49. fxe5 g5 50. Kf3 Ke6 51. Ke4 b4 52. Kd4 h4 53. Ke4 g4 54. Kf4 g3 55. hxg3 hxg3 56. Kxg3 Kxe5 57. Kf2 Kd4 58. Ke2 Kc3 0-1

[Event "Las Palmas Insular-chT Primera-B"]
[Site "Las Palmas"]
[Date "2015.10.17"]
[Round "1.3"]
[White "Guedes Lopez, Mario"]
[Black "Sosa Suarez, Nestor"]
[Result "1-0"]
[WhiteElo "1495"]
[BlackElo "1205"]
[PlyCount "93"]
[EventDate "2015.10.17"]
[EventType "team-tourn"]
[EventRounds "14"]
[EventCountry "ESP"]
[SourceTitle "CBM 170 Extra"]
[Source "ChessBase"]
[SourceDate "2016.02.25"]
[SourceVersion "1"]
[SourceVersionDate "2016.02.25"]
[SourceQuality "1"]
[WhiteTeam "Hotel Avda de Canarias V"]
[BlackTeam "Sociedad La Montana III"]
[WhiteTeamCountry "ESP"]
[BlackTeamCountry "ESP"]

1. b3 d5 2. e3 Nc6 3. Bb2 e5 4. Bb5 Bd6 5. Nf3 f6 6. Nc3 Nge7 7. e4 d4 8. Nd5 Bd7 9. Nxe7 Qxe7 10. c3 dxc3 11. Bxc3 0-0-0 12. 0-0 g5 13. Qe2 h5 14. d4 g4 15. Bxc6 gxf3 16. Bxd7+ Qxd7 17. Qxf3 exd4 18. Bxd4 Bxh2+ 19. Kxh2 Qxd4 20. Rac1 Qe5+ 21. Qg3 Rd2 22. a4 Qxg3+ 23. fxg3 Rd4 24. Rxf6 Rxe4 25. Rcf1 Rhe8 26. R1f5 h4 27. Rf3 hxg3+ 28. Kxg3 Rg8+ 29. Kf2 Rd4 30. g3 Rdg4 31. Rf8+ Rxf8 32. Rxf8+ Kd7 33. Rf4 Rxf4+ 34. gxf4 c6 35. Ke3 b5 36. Kd4 Kd6 37. axb5 cxb5 38. b4 a6 39. f5 Ke7 40. Kc5 Kf6 41. Kb6 Kxf5 42. Kxa6 Ke6 43. Kxb5 Kd7 44. Kb6 Kd6 45. b5 Kd7 46. Ka7 Kc7 47. b6+ 1-0

[Event "Las Palmas Centro Goya op"]
[Site "Las Palmas"]
[Date "2014.12.06"]
[Round "6"]
[White "Guedes Lopez, Mario"]
[Black "Hernandez Suarez, Francisco"]
[Result "1-0"]
[WhiteElo "1525"]
[BlackElo "1132"]
[PlyCount "69"]
[EventDate "2014.12.01"]
[EventType "swiss"]
[EventRounds "9"]
[EventCountry "ESP"]
[SourceTitle "CBM 163 Extra"]
[Source "ChessBase"]
[SourceDate "2014.12.23"]
[SourceVersion "1"]
[SourceVersionDate "2014.12.23"]
[SourceQuality "1"]

1. b3 Nc6 2. e3 e5 3. Bb2 d6 4. Bb5 Bd7 5. Ne2 Nf6 6. 0-0 a6 7. Bxc6 Bxc6 8. d4 Nd7 9. d5 Nb8 10. dxc6 Nxc6 11. c4 Qf6 12. Nf4 Ne7 13. Nd5 Nxd5 14. cxd5 0-0-0 15. Nd2 h5 16. Qf3 Qe7 17. Rac1 g5 18. Rc4 Qd7 19. e4 g4 20. Qf5 Rh7 21. Qxh7 b5 22. Rc6 g3 23. fxg3 Qg4 24. Qf5+ Qxf5 25. Rxf5 Rd7 26. Nf3 Bg7 27. Ng5 f6 28. Ne6 Bh6 29. Rxf6 Be3+ 30. Kf1 Kb7 31. Ba3 a5 32. b4 axb4 33. Bxb4 Bb6 34. Rf8 Rg7 35. Nxg7 1-0

[Event "Vecindario Ansite 4th B"]
[Site "Vecindario"]
[Date "2014.09.10"]
[Round "6.1"]
[White "Guedes Lopez, Mario"]
[Black "Ramirez Hernandez, Jose Isidro"]
[Result "1/2-1/2"]
[WhiteElo "1563"]
[BlackElo "1376"]
[PlyCount "87"]
[EventDate "2014.08.25"]
[EventType "tourn"]
[EventRounds "7"]
[EventCountry "ESP"]
[SourceTitle "EXT 2024"]
[Source "ChessBase"]
[SourceDate "2023.10.10"]
[SourceVersion "1"]
[SourceVersionDate "2023.10.10"]
[SourceQuality "1"]

1. b3 e5 2. Bb2 Nc6 3. e3 d6 4. Bb5 Bd7 5. Nf3 e4 6. Nd4 Nxd4 7. Bxd7+ Qxd7 8. Bxd4 0-0-0 9. Bb2 Ne7 10. Nc3 d5 11. Qe2 a6 12. 0-0-0 Nc6 13. d3 Qe6 14. dxe4 dxe4 15. Rxd8+ Nxd8 16. Rd1 Bd6 17. h3 f6 18. Rd4 f5 19. Qd1 Nc6 20. Rd2 Rd8 21. Ne2 Be5 22. Rxd8+ Nxd8 23. Bxe5 Qxe5 24. Qd4 Qxd4 25. Nxd4 g6 26. g4 c5 27. Ne2 Ne6 28. gxf5 gxf5 29. Kd1 Kd7 30. Ng3 Ng7 31. Kd2 Kd6 32. c4 b5 33. cxb5 axb5 34. Kc3 Kd5 35. a4 b4+ 36. Kc2 h5 37. h4 Kc6 38. Ne2 Ne6 39. Nf4 Nxf4 40. exf4 Kb6 41. Kd2 Ka5 42. Kc2 Kb6 43. Kd2 Ka5 44. Kc2 1/2-1/2

[Event "Gran Canaria Santa Lucia op 2nd"]
[Site "Gran Canaria"]
[Date "2014.08.17"]
[Round "5"]
[White "Guedes Lopez, Mario"]
[Black "Donate Villalba, Juan Francisco"]
[Result "1/2-1/2"]
[WhiteElo "1563"]
[BlackElo "1405"]
[PlyCount "139"]
[EventDate "2014.08.14"]
[EventType "swiss"]
[EventRounds "9"]
[EventCountry "ESP"]
[SourceTitle "EXT 2015"]
[Source "ChessBase"]
[SourceDate "2014.11.20"]
[SourceVersion "1"]
[SourceVersionDate "2014.11.20"]
[SourceQuality "1"]

1. b3 e5 2. Bb2 Nc6 3. e3 d5 4. Bb5 Bd6 5. Nf3 Qe7 6. Nc3 Nf6 7. h3 0-0 8. 0-0 Bd7 9. Re1 a6 10. Be2 b5 11. a3 Rfe8 12. Bf1 Qd8 13. e4 d4 14. Nd5 Nb8 15. Nxf6+ Qxf6 16. c3 c5 17. cxd4 cxd4 18. b4 Nc6 19. Bd3 Rac8 20. Qe2 h6 21. Rac1 Re7 22. Bb1 Rce8 23. Ba2 Nd8 24. Qf1 Ne6 25. g3 Ng5 26. Nxg5 Qxg5 27. d3 Qd2 28. Qe2 Qxe2 29. Rxe2 Bxh3 30. Rc6 Bc7 31. f3 Be6 32. Bxe6 fxe6 33. Rec2 Bd8 34. R2c5 Rf8 35. f4 exf4 36. gxf4 Rxf4 37. Bxd4 Rf3 38. Rc3 Rd7 39. Be5 Rfxd3 40. Rxd3 Rxd3 41. Rxe6 Kf7 42. Rxa6 Re3 43. Ra7+ Be7 44. Bxg7 Rg3+ 45. Kf2 Rxg7 46. Rb7 Rg5 47. Kf3 Ke6 48. Ra7 h5 49. a4 Bxb4 50. axb5 Rxb5 51. Ra8 h4 52. Rh8 Be1 53. e5 Rxe5 54. Re8+ Kf6 55. Rxe5 Kxe5 56. Kg2 Kf4 57. Kh1 Kg4 58. Kh2 Bf2 59. Kg2 Bg3 60. Kh1 Kh3 61. Kg1 Be1 62. Kh1 Kg3 63. Kg1 h3 64. Kh1 Bc3 65. Kg1 Be5 66. Kh1 Kf3 67. Kg1 h2+ 68. Kh1 Ke2 69. Kg2 Bg3 70. Kh1 1/2-1/2

[Event "Gran Canaria Cabildo op"]
[Site "Gran Canaria"]
[Date "2013.01.14"]
[Round "2"]
[White "De la Hoz Sanchez, Ruben"]
[Black "Guedes Lopez, Mario"]
[Result "1-0"]
[WhiteElo "1975"]
[BlackElo "1631"]
[PlyCount "95"]
[EventDate "2013.01.10"]
[EventType "swiss"]
[EventRounds "7"]
[EventCountry "ESP"]
[SourceTitle "CBM 152 Extra"]
[Source "ChessBase"]
[SourceDate "2013.02.25"]
[SourceVersion "1"]
[SourceVersionDate "2013.02.25"]
[SourceQuality "1"]

1. e4 g6 2. d4 d6 3. Bc4 Bg7 4. Be3 Nc6 5. Ne2 e5 6. Nbc3 Nf6 7. Qd2 0-0 8. f3 exd4 9. Nxd4 Ne5 10. Be2 Bd7 11. Bh6 Nxe4 12. Nxe4 Qh4+ 13. g3 Qxh6 14. Nf6+ Kh8 15. Qxh6 Bxh6 16. f4 Nc6 17. Nb5 Bf5 18. Nxc7 Nd4 19. c3 Rac8 20. Nb5 Nxb5 21. Bxb5 a6 22. Bd7 Bxd7 23. Nxd7 Rfe8+ 24. Kf2 Re7 25. Nb6 Rce8 26. Rhe1 Rxe1 27. Rxe1 Rxe1 28. Kxe1 f5 29. Nc4 Bf8 30. Ke2 Kg7 31. Kd3 Kf7 32. Ne3 Ke6 33. Kc4 Be7 34. a4 Bd8 35. Nd5 Kd7 36. b4 a5 37. Kb5 axb4 38. cxb4 h6 39. Ne3 Ke6 40. a5 Kd7 41. Kc4 Bc7 42. Kd5 Ke7 43. Nc4 Bb8 44. b5 Ba7 45. Nxd6 Bb8 46. Nxb7 Kd7 47. Nc5+ Kc7 48. b6+ 1-0

[Event "Las Palmas Montalvo Memorial 5th"]
[Site "Las Palmas"]
[Date "2012.04.02"]
[Round "1"]
[White "Nortes Hernandez, Pedro Manuel"]
[Black "Guedes Lopez, Mario"]
[Result "1-0"]
[WhiteElo "2048"]
[BlackElo "1476"]
[PlyCount "39"]
[EventDate "2012.04.02"]
[EventType "swiss"]
[EventRounds "9"]
[EventCountry "ESP"]
[SourceTitle "CBM 147 Extra"]
[Source "ChessBase"]
[SourceDate "2012.04.24"]
[SourceVersion "1"]
[SourceVersionDate "2012.04.24"]
[SourceQuality "1"]

1. e4 e5 2. Nf3 Nc6 3. Bb5 a6 4. Bxc6 dxc6 5. 0-0 Bd6 6. d4 Bg4 7. dxe5 Bxf3 8. Qxf3 Bxe5 9. Nc3 Qf6 10. Qh3 Rd8 11. f4 Bd6 12. Be3 Qh6 13. Qf3 Ne7 14. e5 Bb4 15. f5 Qh4 16. Ne4 h6 17. Bf2 Bc5 18. Bxc5 Nd5 19. g3 Qh3 20. Nf2 1-0